European Countries by Borders - Statistics

General Stats
  • This quiz has been taken 206 times
  • The average score is 43 of 45
Answers on the Map
Answers color-coded by a green-red scale on the quiz's map according to % correct below.
 
Answer Stats
Answer % Correct
France | Belgium | Luxembourg | Germany | Switzerland | Italy | Spain | Andorra
99%
Ireland | UK
99%
Italy | Vatican City | San Marino | France | Switzerland
99%
Switzerland | Liechtenstein | Austria | Italy | France | Germany
99%
UK | Ireland
99%
Ukraine | Belarus | Russia | Poland | Slovakia | Hungary | Romania | Moldova
99%
Andorra | Spain | France
98%
Austria | Liechtenstein | Switzerland | Italy | Slovenia | Hungary | Slovakia | Czech Republic | Germany
98%
Belarus | Lithuania | Poland | Ukraine | Russia
98%
Finland | Sweden | Norway | Russia
98%
Germany | Denmark | Poland | Czech Republic | Austria | Switzerland | France | Luxembourg | Belgium | Netherlands
98%
Lithuania | Latvia | Russia | Belarus | Poland
98%
Norway | Sweden | Finland | Russia
98%
Poland | Russia | Lithuania | Belarus | Ukraine | Slovakia | Czech Republic | Germany
98%
Russia | Norway | Finland | Estonia | Latvia | Lithuania | Poland | Belarus | Ukraine
98%
Spain | Andorra | France | Portugal
98%
Sweden | Norway | Finland
98%
Belgium | Netherlands | Germany | Luxembourg | France
97%
Bulgaria | Greece | North Macedonia | Serbia | Romania
97%
Czech Republic | Germany | Poland | Slovakia | Austria
97%
Greece | Bulgaria | North Macedonia | Albania
97%
Hungary | Austria | Slovenia | Croatia | Serbia | Romania | Ukraine | Slovakia
97%
Luxembourg | Belgium | France | Germany
97%
North Macedonia | Kosovo | Serbia | Bulgaria | Greece | Albania
97%
Portugal | Spain
97%
Romania | Moldova | Ukraine | Hungary | Serbia | Bulgaria
97%
San Marino | Italy
97%
Serbia | Hungary | Romania | Bulgaria | North Macedonia | Kosovo | Montenegro | Bosnia and Herzegovina | Croatia
97%
Slovakia | Austria | Czech Republic | Poland | Ukraine | Hungary
97%
Slovenia | Italy | Austria | Hungary | Croatia
97%
Vatican City | Italy
97%
Albania | Greece | North Macedonia | Kosovo | Montenegro
96%
Croatia | Montenegro | Bosnia and Herzegovina | Hungary | Slovenia | Serbia
96%
Denmark | Germany
96%
Iceland
96%
Latvia | Russia | Estonia | Lithuania
96%
Estonia | Russia | Latvia
95%
Moldova | Ukraine | Romania
95%
Netherlands | Germany | Belgium
95%
Bosnia and Herzegovina | Montenegro | Serbia | Croatia
94%
Montenegro | Bosnia and Herzegovina | Croatia | Serbia | Kosovo | Albania
94%
Liechtenstein | Switzerland | Austria
92%
Monaco | France
92%
Kosovo | Serbia | North Macedonia | Albania | Montenegro
91%
Malta
86%
No matching quizzes found
Score Distribution
Percent of People with Each Score
Percentile by Number Answered
Your Score History
You have not taken this quiz